|
|
|
|
| LEADER |
01859cas a2200241 a 4500 |
| 001 |
AALejournalIMF009449 |
| 008 |
230101c9999 xx r poo 0 0eng d |
| 020 |
|
|
|c 5.00 USD
|
| 020 |
|
|
|z 9781451833430
|
| 022 |
|
|
|a 1934-7685
|
| 040 |
|
|
|a BD-DhAAL
|c BD-DhAAL
|
| 110 |
2 |
|
|a International Monetary Fund.
|
| 245 |
1 |
0 |
|a Rwanda :
|b Second Review Under the Three-Year Arrangement Under the Poverty Reduction and Growth Facility, Request for Waiver of Nonobservance of Performance Criterion, and Modification of Performance Criteria; Staff Report; Press Release on the Executive Board Discussion; and Statement by the Executive Director for Rwanda.
|
| 264 |
|
1 |
|a Washington, D.C. :
|b International Monetary Fund,
|c 2007.
|
| 300 |
|
|
|a 1 online resource (69 pages)
|
| 490 |
1 |
|
|a IMF Staff Country Reports
|
| 500 |
|
|
|a <strong>Off-Campus Access:</strong> No User ID or Password Required
|
| 500 |
|
|
|a <strong>On-Campus Access:</strong> No User ID or Password Required
|
| 506 |
|
|
|a Electronic access restricted to authorized BRAC University faculty, staff and students
|
| 520 |
3 |
|
|a The Second Review Under the Three-Year Arrangement Under the Poverty Reduction and Growth Facility of Rwanda explains macroeconomic challenges. Indicative limits on domestic debt have been established. If these limits are exceeded or inflation is rekindled, the domestic component of fiscal spending must be released more gradually. On the structural side, the focus remains on public financial management (PFM) and the financial sector. The authorities' financial sector development plan is a sound basis for building long-term financial markets.
|
| 538 |
|
|
|a Mode of access: Internet
|
| 830 |
|
0 |
|a IMF Staff Country Reports; Country Report ;
|v No. 2007/233
|
| 856 |
4 |
0 |
|z Full text available on IMF
|u http://elibrary.imf.org/view/journals/002/2007/233/002.2007.issue-233-en.xml
|z IMF e-Library
|